[Event "Pontevedra op-A 10th"]
[Site "Pontevedra"]
[Date "2022.07.24"]
[Round "1"]
[White "Martinez Reyes, Pedro Ramon"]
[Black "Blanco Garcia, Liliam Barbara"]
[Result "1-0"]
[WhiteElo "2408"]
[BlackElo "2031"]
[PlyCount "97"]
[EventDate "2022.07.24"]
[EventType "swiss"]
[EventRounds "9"]
[EventCountry "ESP"]
[SourceTitle "EXT 2023"]
[Source "ChessBase"]
[SourceDate "2022.10.05"]
[SourceVersion "1"]
[SourceVersionDate "2022.10.05"]
[SourceQuality "1"]

1. e4 e5 2. Nf3 Nc6 3. Bb5 a6 4. Ba4 Nf6 5. Bxc6 dxc6 6. d3 Nd7 7. Nbd2 Be7 8. Nc4 f6 9. Nh4 0-0 10. Nf5 Nc5 11. Nxe7+ Qxe7 12. 0-0 Ne6 13. Bd2 Bd7 14. a4 c5 15. a5 Rad8 16. Kh1 Nd4 17. f4 Be6 18. b3 Bxc4 19. bxc4 f5 20. exf5 exf4 21. Rxf4 Qe5 22. Rb1 Rxf5 23. Rxf5 Qxf5 24. Be3 Rf8 25. Bg1 Qe5 26. Rxb7 Ne2 27. Qe1 Re8 28. Rb1 Qh5 29. h3 Qg6 30. Bh2 h5 31. Qf2 Nd4 32. Qg3 Qf6 33. Qxc7 Re2 34. Qxc5 Rf2 35. Rb8+ Kh7 36. Qxh5+ Qh6 37. Qxh6+ gxh6 38. Be5 Nc6 39. Rb7+ Kg8 40. Bc7 Rf7 41. c3 Kg7 42. c5 Nxa5 43. Bxa5 Rxb7 44. c6 Rb8 45. d4 Kg6 46. d5 Kf5 47. d6 Ke6 48. d7 Ke7 49. Kh2 1-0

[Event "Giraldilla de La Habana op"]
[Site "Havana"]
[Date "2018.08.01"]
[Round "7"]
[White "Reyes Pedro, Manuel Enrique"]
[Black "Blanco Garcia, Liliam Barbara"]
[Result "0-1"]
[WhiteElo "1932"]
[BlackElo "2057"]
[PlyCount "43"]
[EventDate "2018.07.28"]
[EventType "swiss"]
[EventRounds "9"]
[EventCountry "CUB"]
[SourceTitle "EXT 2021"]
[Source "ChessBase"]
[SourceDate "2020.10.23"]
[SourceVersion "1"]
[SourceVersionDate "2020.10.23"]
[SourceQuality "1"]

1. d4 d5 2. Nf3 Nf6 3. Bf4 c5 4. e3 e6 5. Nbd2 Nc6 6. c3 Be7 7. Be2 Nh5 8. Bg3 Nxg3 9. hxg3 c4 10. Qc2 h6 11. e4 b5 12. exd5 exd5 13. Nh4 b4 14. Nf5 Bf6 15. 0-0 0-0 16. Bf3 Bxf5 17. Qxf5 Ne7 18. Qc2 Qa5 19. Rfe1 Rab8 20. Nf1 Rfd8 21. Ne3 bxc3 22. bxc3 0-1

[Event "Giraldilla de La Habana op"]
[Site "Havana"]
[Date "2018.07.29"]
[Round "4"]
[White "Blanco Garcia, Liliam Barbara"]
[Black "Gonzalez Porro, Armando Andres"]
[Result "0-1"]
[WhiteElo "2057"]
[BlackElo "2071"]
[PlyCount "60"]
[EventDate "2018.07.28"]
[EventType "swiss"]
[EventRounds "9"]
[EventCountry "CUB"]
[SourceTitle "EXT 2021"]
[Source "ChessBase"]
[SourceDate "2020.10.23"]
[SourceVersion "1"]
[SourceVersionDate "2020.10.23"]
[SourceQuality "1"]

1. e4 c5 2. c3 d5 3. exd5 Qxd5 4. d4 Nc6 5. Nf3 e5 6. dxe5 Qxd1+ 7. Kxd1 Bg4 8. Bf4 Nge7 9. Bb5 0-0-0+ 10. Kc1 Bxf3 11. gxf3 Ng6 12. Bg5 Be7 13. Bxe7 Ncxe7 14. Rg1 a6 15. Bf1 Nxe5 16. Rxg7 Rhg8 17. Rxg8 Rxg8 18. Nd2 Kc7 19. Kc2 Nd5 20. Re1 f6 21. Re4 b5 22. Rh4 Rg7 23. Bh3 Ng6 24. Rg4 Ndf4 25. Bf1 Re7 26. Bd3 Nxd3 27. Kxd3 Ne5+ 28. Kc2 Nxg4 29. fxg4 Re2 30. f3 Rxh2 0-1

[Event "Giraldilla de La Habana op"]
[Site "Havana"]
[Date "2018.07.28"]
[Round "2"]
[White "Blanco Garcia, Liliam Barbara"]
[Black "Rosabal Sarda, Barbaro Omar"]
[Result "1-0"]
[WhiteElo "2057"]
[BlackElo "1940"]
[PlyCount "69"]
[EventDate "2018.07.28"]
[EventType "swiss"]
[EventRounds "9"]
[EventCountry "CUB"]
[SourceTitle "EXT 2021"]
[Source "ChessBase"]
[SourceDate "2020.10.23"]
[SourceVersion "1"]
[SourceVersionDate "2020.10.23"]
[SourceQuality "1"]

1. e4 c5 2. c3 e5 3. Nf3 Nc6 4. d4 cxd4 5. cxd4 exd4 6. Nxd4 Qb6 7. Nb5 a6 8. Nd6+ Bxd6 9. Qxd6 Qb4+ 10. Qxb4 Nxb4 11. Na3 b5 12. Bd2 Nc6 13. Bd3 Bb7 14. Rc1 Nge7 15. 0-0 0-0 16. Rfe1 Rac8 17. e5 Nd4 18. Bb4 Nec6 19. Bd6 Rfe8 20. f4 g6 21. Be4 Kg7 22. Nb1 Nf5 23. Bxf5 gxf5 24. Red1 Na5 25. Bc5 Bc6 26. Nd2 Nb7 27. Bd4 Nd8 28. e6+ f6 29. exd7 Bxd7 30. Rxc8 Bxc8 31. Rc1 Ne6 32. Be3 Bb7 33. Kf2 Kf7 34. a3 Re7 35. Nb3 1-0

[Event "Giraldilla de La Habana op"]
[Site "Havana"]
[Date "2018.07.28"]
[Round "1"]
[White "Gonzalez Hernandez, Humberto"]
[Black "Blanco Garcia, Liliam Barbara"]
[Result "0-1"]
[WhiteElo "1864"]
[BlackElo "2057"]
[PlyCount "56"]
[EventDate "2018.07.28"]
[EventType "swiss"]
[EventRounds "9"]
[EventCountry "CUB"]
[SourceTitle "EXT 2021"]
[Source "ChessBase"]
[SourceDate "2020.10.23"]
[SourceVersion "1"]
[SourceVersionDate "2020.10.23"]
[SourceQuality "1"]

1. d4 d5 2. Nf3 Nf6 3. e3 c5 4. c3 e6 5. Bd3 Nc6 6. Nbd2 Be7 7. 0-0 0-0 8. dxc5 Bxc5 9. e4 Bb6 10. h3 Qc7 11. Qe2 Nh5 12. Re1 Nf4 13. Qf1 Nxd3 14. Qxd3 Qg3 15. Qe2 Qg6 16. e5 f6 17. Rf1 fxe5 18. Nxe5 Nxe5 19. Qxe5 Bd7 20. Qe2 Bc6 21. Kh1 d4 22. Qg4 Qxg4 23. hxg4 dxc3 24. bxc3 Bxf2 25. Ba3 Rf6 26. g5 Rf5 27. Nf3 Bb6 28. Nd4 Rxg5 0-1

[Event "Guillermo Garcia Memorial op 27th"]
[Site "Santa Clara"]
[Date "2018.05.26"]
[Round "5"]
[White "Cabrera Gonzalez, Maximo Ariel"]
[Black "Blanco Garcia, Liliam Barbara"]
[Result "1-0"]
[WhiteElo "1987"]
[BlackElo "2105"]
[PlyCount "82"]
[EventDate "2018.05.22"]
[EventType "swiss"]
[EventRounds "9"]
[EventCountry "CUB"]
[SourceTitle "CBM 184 Extra"]
[Source "ChessBase"]
[SourceDate "2018.06.28"]
[SourceVersion "1"]
[SourceVersionDate "2018.06.28"]
[SourceQuality "1"]

1. e4 e5 2. Nf3 Nc6 3. Bb5 a6 4. Ba4 Nf6 5. 0-0 Be7 6. Re1 b5 7. Bb3 d6 8. c3 0-0 9. h3 Bb7 10. d4 Nd7 11. Nbd2 exd4 12. cxd4 Bf6 13. Nf1 Na5 14. Bc2 Re8 15. Ng3 g6 16. Bh6 c5 17. e5 dxe5 18. dxe5 Nc6 19. Ne4 Be7 20. Nd6 Bxd6 21. exd6 Nf8 22. Bb3 Ne6 23. Ne5 Nxe5 24. Rxe5 Qf6 25. Qe2 Bc6 26. Re1 Ng7 27. Bxg7 Kxg7 28. Re7 Rxe7 29. Qxe7 Re8 30. Qxf6+ Kxf6 31. Rxe8 Bxe8 32. Bd5 a5 33. Kf1 Bd7 34. Ke2 Ke5 35. Bxf7 Kxd6 36. Ke3 Ke5 37. f4+ Kd6 38. g4 Bc6 39. g5 Ke7 40. Bg8 Kf8 41. Bb3 Kg7 1-0

[Event "CUB-ch sf (Women)"]
[Site "Holguin"]
[Date "2018.01.13"]
[Round "1"]
[White "Mantilla Gras, Geydis de la C"]
[Black "Blanco Garcia, Liliam Barbara"]
[Result "0-1"]
[WhiteElo "1991"]
[BlackElo "2059"]
[PlyCount "100"]
[EventDate "2018.01.13"]
[EventType "tourn"]
[EventRounds "9"]
[EventCountry "CUB"]
[SourceTitle "EXT 2021"]
[Source "ChessBase"]
[SourceDate "2020.10.23"]
[SourceVersion "1"]
[SourceVersionDate "2020.10.23"]
[SourceQuality "1"]

1. e4 e5 2. Nf3 Nc6 3. Bb5 a6 4. Ba4 Nf6 5. 0-0 Be7 6. Re1 b5 7. Bb3 d6 8. c3 0-0 9. h3 Bb7 10. d4 Nd7 11. d5 Na5 12. Bc2 c6 13. dxc6 Nxc6 14. Nbd2 Nb6 15. Nf1 Qc7 16. Be3 Nc4 17. b3 Nxe3 18. Nxe3 Na5 19. b4 Nc4 20. Nxc4 Qxc4 21. Re3 Rac8 22. Bb3 Qc7 23. Qe1 Rfd8 24. Rd1 g6 25. Nh2 Kg7 26. Rf3 f5 27. Bd5 Bxd5 28. Rxd5 Qc4 29. Rd1 Qxe4 30. Re3 Qc4 31. Nf3 Bf6 32. Nd2 Qc6 33. Nb3 f4 34. Red3 d5 35. f3 e4 36. fxe4 dxe4 37. Nd4 Qd5 38. R3d2 e3 39. Re2 Qc4 40. g3 Bxd4 41. cxd4 Rxd4 42. Rxd4 Qxd4 43. gxf4 Rc3 44. f5 Qc4 45. Qa1 Kg8 46. Qb2 Rc1+ 47. Kh2 Qf4+ 48. Kg2 Qe4+ 49. Kh2 Rh1+ 50. Kg3 Rg1+ 0-1

[Event "Aleman Memorial"]
[Site "Havana"]
[Date "2018.??.??"]
[Round "4"]
[White "Barroso Abreu, German"]
[Black "Blanco Garcia, Liliam Barbara"]
[Result "0-1"]
[WhiteElo "1943"]
[BlackElo "2062"]
[PlyCount "33"]
[EventDate "2018.02.02"]
[EventType "swiss"]
[EventRounds "7"]
[EventCountry "CUB"]
[SourceTitle "EXT 2021"]
[Source "ChessBase"]
[SourceDate "2020.10.23"]
[SourceVersion "1"]
[SourceVersionDate "2020.10.23"]
[SourceQuality "1"]

1. e4 e5 2. Nc3 Nf6 3. f4 d5 4. fxe5 Nxe4 5. Nf3 Be7 6. d3 Nxc3 7. bxc3 0-0 8. d4 c5 9. Bd3 c4 10. Be2 Nc6 11. 0-0 b5 12. Be3 a5 13. Qd2 b4 14. cxb4 axb4 15. c3 bxc3 16. Qxc3 Ra3 17. Qe1 0-1

[Event "Aleman Memorial"]
[Site "Havana"]
[Date "2018.??.??"]
[Round "3"]
[White "Blanco Garcia, Liliam Barbara"]
[Black "Pages Roman, Seidy"]
[Result "1/2-1/2"]
[WhiteElo "2062"]
[BlackElo "1986"]
[PlyCount "101"]
[EventDate "2018.02.02"]
[EventType "swiss"]
[EventRounds "7"]
[EventCountry "CUB"]
[SourceTitle "EXT 2021"]
[Source "ChessBase"]
[SourceDate "2020.10.23"]
[SourceVersion "1"]
[SourceVersionDate "2020.10.23"]
[SourceQuality "1"]

1. e4 e5 2. Nf3 Nc6 3. d4 exd4 4. Nxd4 Bc5 5. Nb3 Bb4+ 6. c3 Be7 7. Bd3 Nf6 8. Bf4 d6 9. N1d2 Ne5 10. Bc2 0-0 11. Qe2 b6 12. 0-0-0 Ng6 13. Bg3 a5 14. e5 dxe5 15. Nc4 Qe8 16. Nxe5 Nxe5 17. Qxe5 Bd6 18. Qxe8 Nxe8 19. Be4 Rb8 20. Nd4 Bb7 21. Nc6 Bxc6 22. Bxc6 Bxg3 23. hxg3 Nf6 24. Rhe1 Rbd8 25. Rxd8 Rxd8 26. Re7 Kf8 27. Rxc7 Rd6 28. Bf3 Nd7 29. Rc6 Ke7 30. Rxd6 Kxd6 31. Kc2 Kc5 32. b3 Ne5 33. Be2 b5 34. a3 b4 35. cxb4+ axb4 36. a4 Nc6 37. Bc4 f6 38. Kd2 Kd4 39. Be2 Na5 40. Kc2 Nc6 41. Bf3 Na5 42. Ba8 Kc5 43. Be4 h6 44. Bh7 Kd4 45. Bg8 Nc6 46. Bc4 Na5 47. Be2 Nc6 48. Bd1 Na5 49. Kd2 Nb7 50. Be2 Na5 51. Kc2 1/2-1/2